[Event "Zonal 2.5 Fem"]
[Site "Asuncion"]
[Date "2009.06.11"]
[Round "2"]
[White "Quinonez, Jeannette"]
[Black "Toro, Maria Jose"]
[Result "1/2-1/2"]
[WhiteElo "2020"]
[BlackElo "100"]
[PlyCount "73"]
[EventDate "2009.06.10"]
[EventType "tourn"]
[EventRounds "11"]
[EventCountry "PAR"]
[SourceDate "2009.06.10"]

1. d4 d5 2. c4 e6 3. Nf3 Nf6 4. Nc3 c6 5. Bg5 Be7 6. e3 Nbd7 7. Rc1 O-O 8. Qc2
a6 9. Bd3 dxc4 10. Bxc4 b5 11. Bd3 Bb7 12. Bxf6 Nxf6 13. Ne4 g6 14. O-O Nd7 15.
Rfd1 Rc8 16. Qb3 Qb6 17. Qc2 c5 18. dxc5 Nxc5 19. Nxc5 Bxf3 20. gxf3 Rxc5 21.
Qe2 Rfc8 22. Rxc5 Rxc5 23. Be4 f5 24. Bc2 Qc6 25. Bb3 Kg7 26. Qd2 Kf7 27. Kg2
g5 28. Qd4 Bf6 29. Qd6 Qxd6 30. Rxd6 a5 31. Rxe6 Kg7 32. Ra6 a4 33. Ra7+ Kh8
34. Ra8+ Kg7 35. Ra7+ Kh8 36. Ra8+ Kg7 37. Ra7+ 1/2-1/2

[Event "Zonal 2.5 Fem"]
[Site "Asuncion"]
[Date "2009.06.12"]
[Round "3"]
[White "Nejanky, Maisa"]
[Black "Zuriel, Marisa"]
[Result "1/2-1/2"]
[WhiteElo "2100"]
[BlackElo "2201"]
[PlyCount "137"]
[EventDate "2009.06.10"]
[EventType "tourn"]
[EventRounds "11"]
[EventCountry "PAR"]
[SourceDate "2009.06.10"]

1. e4 c5 2. Nf3 d6 3. d4 cxd4 4. Nxd4 Nf6 5. Nc3 a6 6. f4 e6 7. a4 Nc6 8. Be3
Qc7 9. Nb3 b6 10. Qf3 Be7 11. Bd3 Bb7 12. O-O O-O 13. Qh3 g6 14. g4 Rfe8 15. g5
Nd7 16. f5 Bf8 17. fxg6 fxg6 18. Rf7 Bg7 19. Nd5 exd5 20. Qxd7 Qxd7 21. Rxd7
Re7 22. Rxd6 Nb4 23. Rxb6 Nxd3 24. cxd3 dxe4 25. d4 Bd5 26. Nc5 a5 27. Rd6 Bf7
28. Re1 Rb8 29. Re2 Bc4 30. Rc2 Bd3 31. Rd2 Bc4 32. Rc2 Bd3 33. Rd2 Bc4 34. Rf2
Bf8 35. Nd7 Rc8 36. Nb6 Rcc7 37. Nxc4 Rxc4 38. Rd8 Rf7 39. d5 Rxf2 40. Kxf2 Kf7
41. b3 Rc2+ 42. Kg3 Be7 43. Rd7 Ke8 44. Rb7 Rc3 45. Kf4 Bxg5+ 46. Kxg5 Rxe3 47.
Kf6 Rd3 48. Ke6 Kd8 49. d6 Kc8 50. Rc7+ Kb8 51. Rc2 e3 52. d7 Rd4 53. Re2 Kc7
54. Rc2+ Kb7 55. Ke7 Re4+ 56. Kf6 Rd4 57. Ke7 Re4+ 58. Kd6 e2 59. d8=Q Rd4+ 60.
Kc5 Rxd8 61. Rxe2 Rd3 62. Re7+ Ka6 63. Rxh7 Rc3+ 64. Kd5 Rxb3 65. Rh6 Rb6 66.
h4 Rf6 67. Ke5 Rc6 68. Kd5 Rb6 69. Kd4 1/2-1/2